000
00323nam a22001457a 4500
020
_a
978-0-323-22784-1
082
_a
611,A14B
100
_a
BRAND,RICHARD.W.
245
_a
ANATOMY OF OROFACIAL STRUCTURES
250
_a
7TH
260
_a
NEW DELHI
_b
ELSEVIER
_c
2014
300
_a
567
650
_a
ANATOMY
942
_2
ddc
_c
BK
999
_c
9868
_d
9868